Aida / (Record no. 196135)

MARC details
000 -LEADER
campo de control de longitud fija 02275nam a2200481 i 4500
001 - NÚMERO DE CONTROL
campo de control 196135
003 - IDENTIFICADOR DE NÚMERO DE CONTROL
campo de control ES-MaACL
005 - FECHA Y HORA DE LA ÚLTIMA TRANSACCIÓN
campo de control 20250904042307.0
008 - DATOS DE LONGITUD FIJA--INFORMACIÓN GENERAL
campo de control de longitud fija 240209b2007 sp ||||| |||| 00| 0 spa d
017 ## - NÚMERO DE COPYRIGHT O DE DEPÓSITO LEGAL
Número de copyright o de depósito legal M 25692-2007
020 ## - NÚMERO INTERNACIONAL ESTÁNDAR DEL LIBRO
Número Internacional Estándar del Libro 9788496832596
040 ## - FUENTE DE CATALOGACIÓN
Lengua de catalogación spa
Centro/agencia transcriptor ES-MaACL
100 1# - ENTRADA PRINCIPAL--NOMBRE DE PERSONA
Nombre de persona Verdi, Giuseppe,
Fechas asociadas al nombre 1813-1901
9 (RLIN) 240500
Término indicativo de función/relación Compositor
245 ## - MENCIÓN DEL TÍTULO
Título Aida /
Mención de responsabilidad, etc. Verdi ; libreto de Antonio Ghislanzoni y Camille du Locle
Resto del título [Grabación sonora]
260 ## - PUBLICACIÓN, DISTRIBUCIÓN, ETC.
Lugar de publicación, distribución, etc. Madrid :
Nombre del editor, distribuidor, etc. Prisa innova,
Fecha de publicación, distribución, etc. 2007
264 ## - PRODUCCIÓN, PUBLICACIÓN, DISTRIBUCIÓN, FABRICACIÓN Y COPYRIGHT
Producción, publicación, distribución, fabricación y copyright ©2007
300 ## - DESCRIPCIÓN FÍSICA
Extensión 2 discos (CD Audio) +
Material acompañante/anejo 1 libro (60 páginas)
336 ## - TIPO DE CONTENIDO
Fuente rdacontent
Término de tipo de contenido música (interpretada)
337 ## - TIPO DE MEDIO
Fuente rdamedia
Nombre/término del tipo de medio audio
338 ## - TIPO DE SOPORTE
Fuente rdacarrier
Nombre/término del tipo de soporte volumen
490 1# - MENCIÓN DE SERIE
Mención de serie Los clásicos de la ópera, 400 años ;
Designación de volumen o secuencia 26
520 ## - RESUMEN, ETC.
Sumario, etc. Estrenada en El Cairo en 1871, Aida mantiene para Massimo Mila "un equilibrio milagroso entre las aparentemente irreconciliables exigencias características de dos modos diversos de arte", combinando admirablemente la monumentalidad y el intimismo, lo antiguo y lo moderno. En ella Verdi creó para siempre una fascinante imagen musical de Egipto.
650 #7 - PUNTO DE ACCESO ADICIONAL DE MATERIA--TÉRMINO DE MATERIA
9 (RLIN) 137584
Término de materia o nombre geográfico como elemento de entrada Óperas-
Subdivisión de forma Libretos
655 #7 - TERMINO DE INDIZACIÓN--GENERO/FORMA
Datos o término principal de género/forma Libretos
Fuente del término
9 (RLIN) 242219
700 1# - ENTRADA AGREGADA--NOMBRE PERSONAL
Nombre de persona Ghislanzoni, Antonio
Término indicativo de función/relación Libretista
9 (RLIN) 240647
700 1# - ENTRADA AGREGADA--NOMBRE PERSONAL
9 (RLIN) 137929
Nombre de persona Locle, Camille du
Término indicativo de función/relación Libretista
700 1# - ENTRADA AGREGADA--NOMBRE PERSONAL
9 (RLIN) 238311
Nombre de persona Tebaldi, Renata,
Fechas asociadas al nombre 1922-2004
Término indicativo de función/relación Intérprete
700 1# - ENTRADA AGREGADA--NOMBRE PERSONAL
Nombre de persona Stignani, Ebe
Término indicativo de función/relación Intérprete
9 (RLIN) 240648
700 1# - ENTRADA AGREGADA--NOMBRE PERSONAL
9 (RLIN) 238312
Nombre de persona Del Monaco, Mario,
Fechas asociadas al nombre 1915-1982
Término indicativo de función/relación Intérprete
700 1# - ENTRADA AGREGADA--NOMBRE PERSONAL
9 (RLIN) 238313
Nombre de persona Protti, Aldo,
Fechas asociadas al nombre 1920-1995
Término indicativo de función/relación Intérprete
700 1# - ENTRADA AGREGADA--NOMBRE PERSONAL
9 (RLIN) 237874
Nombre de persona Corena, Fernando,
Fechas asociadas al nombre 1916-1984
Término indicativo de función/relación Intérprete
700 1# - ENTRADA AGREGADA--NOMBRE PERSONAL
9 (RLIN) 238317
Nombre de persona De Palma, Piero,
Fechas asociadas al nombre 1925-2013
Término indicativo de función/relación Intérprete
700 1# - ENTRADA AGREGADA--NOMBRE PERSONAL
9 (RLIN) 238318
Nombre de persona Erede, Alberto,
Fechas asociadas al nombre 1908-2001
Término indicativo de función/relación Director musical
710 2# - ENTRADA AGREGADA--NOMBRE DE ENTIDAD CORPORATIVA
9 (RLIN) 238319
Nombre de entidad corporativa o nombre de jurisdicción como elemento de entrada Accademia Nazionale di Santa Cecilia
Unidad subordinada Orchestra
710 2# - ENTRADA AGREGADA--NOMBRE DE ENTIDAD CORPORATIVA
9 (RLIN) 238320
Nombre de entidad corporativa o nombre de jurisdicción como elemento de entrada Accademia Nazionale di Santa Cecilia-
Unidad subordinada Coro
852 ## - LOCALIZACIÓN
Ubicación ES-MaACL
Sublocalización o colección R.155039
Ubicación en estantería Depósito J
Número de control de estantería N-9821
Donativo/Legado Donación: Miren Fernández
Encuadernación Encuadernación cartoné
Designación de la unidad física Volumen 26
itemnumber 205722
903 ## - NOMBRE PERSONAL DE DONANTE
a Fernández, Miren
e Donante
942 ## - ELEMENTOS DE ENTRADA SECUNDARIOS (KOHA)
Tipo de ítem Koha Libro impreso
Suprimir en OPAC No
Holdings
Estatus retirado Estado de pérdida Fuente del sistema de clasificación o colocación Estado de daño No para préstamo Biblioteca de origen Biblioteca actual Ubicación en estantería Fecha de adquisición Fuente de adquisición Total de préstamos Signatura topográfica completa Código de barras Visto por última vez Precio de reemplazo Tipo de ítem Koha
    Clasificación decimal universal     Biblioteca del Ateneo de Madrid Biblioteca del Ateneo de Madrid Depósito J 22/05/2025 Donación   N-9821 101230126 22/05/2025 22/05/2025 Libro impreso